| 000 | 00492nam a22001937a 4500 | ||
|---|---|---|---|
| 003 | LK-CoDNM | ||
| 005 | 20250102112505.0 | ||
| 008 | 250102b |||||||| |||| 00| 0 eng d | ||
| 040 |
_aLK-CoDNM _dLK-CoDNM _eLK-CoDNM |
||
| 041 | _aeng | ||
| 080 |
_a3 _bO20 |
||
| 100 | _aRobert W. Henger | ||
| 245 | _aDiagnosis of Protozoa and worms parasitic in man | ||
| 260 |
_aUSA _bBaltimore, Maryland _c1921 |
||
| 300 | _b72p. : ill ; 24 cm | ||
| 650 | _aScience | ||
| 650 | _a1921 | ||
| 942 | _cBK | ||
| 999 |
_c234567 _d234567 |
||